000 00456nam a2200181Ia 4500
003 GCL
008 140319s9999 xx 000 0 eng d
040 _aGCL /
_cGCL
082 0 4 _a791.43
_bD S
100 1 _aDAVID, CATHERINE
245 1 0 _aSIMONE SIGNORET: OU LA MEMOIRE PARTAGEE /
_cDAVID, CATHERINE
260 _a[S.N] :
_bLAFFONT ،
_c1990
300 _a286 P
650 0 4 _aARTS
650 0 4 _aSIMNE, SIGNORET
650 0 4 _aACTORS
942 _2ddc
_cBK
999 _c25185
_d25185